Four In Four Minutes - Statistics

General Stats
  • This quiz has been taken 59 times
  • The average score is 23 of 40
Answer Stats
First Four... Answer % Correct
Earth
98%
Mars
98%
Planets in the Solar System Mercury
92%
Venus
92%
{Helium} He
84%
Chemical Elements on Periodic Table {Hydrogen} H
84%
Highest Mountains {Mount Everest} Asia
82%
Countries in alphabetical order {Afghanistan} Asia
80%
Apple
80%
{Lithium} Li
80%
{Albania} Europe
78%
{Andorra} Europe
78%
U.S. Presidents George Washington
78%
Most commonly purchased fruit in U.S. Banana
71%
{K2} Asia
71%
Books of the Old Testament Genesis
69%
{Algeria} Africa
67%
Thomas Jefferson
67%
John Adams
65%
{South Sudan} July 9, 2011
61%
{Superior} North America
61%
Exodus
57%
{Victoria} East Africa
57%
{Beryllium} Be
53%
{Kosovo} Feb. 17, 2008
51%
Strawberry
45%
Grape
41%
James Madison
41%
Leviticus
41%
Largest fresh water Lakes {Caspian Sea} Europe/Asia
39%
{Huron} North America
39%
Youngest Nations {Montenegro} June 3, 2006
35%
Numbers
35%
Kingdom
24%
Phylum
24%
{Serbia} June 5, 2006
24%
Class
22%
Main Taxonomic Ranks Domain
8%
{Lhotse} Asia
8%
{Kangchenjunga} Asia
6%
No matching quizzes found
Score Distribution
Percent of People with Each Score
Percentile by Number Answered
Your Score History
You have not taken this quiz